Resurrection evidences: (Record no. 7585)

000 -LEADER
fixed length control field 00740nam a2200229 a 4500
001 - CONTROL NUMBER
control field :::00005346$&:&@@
003 - CONTROL NUMBER IDENTIFIER
control field OkBaRHE
005 - DATE AND TIME OF LATEST TRANSACTION
control field 20100401145057.0
008 - FIXED-LENGTH DATA ELEMENTS--GENERAL INFORMATION
fixed length control field s1985 j 000 0 eng u
020 ## - INTERNATIONAL STANDARD BOOK NUMBER
International Standard Book Number 0310461022 (pbk.)
040 ## - CATALOGING SOURCE
Transcribing agency
100 1# - MAIN ENTRY--PERSONAL NAME
Personal name Fishel, Kent M.
245 10 - TITLE STATEMENT
Title Resurrection evidences:
Remainder of title a Bible study.
260 ## - PUBLICATION, DISTRIBUTION, ETC. (IMPRINT)
Place of publication, distribution, etc Grand Rapids, MI., :
Name of publisher, distributor, etc Zondervan
Date of publication, distribution, etc c1985
300 ## - PHYSICAL DESCRIPTION
Extent 105 p. : illus. ;
Dimensions 21 cm.
490 0# - SERIES STATEMENT
Series statement Cornerstones
650 ## - SUBJECT ADDED ENTRY--TOPICAL TERM
Topical term or geographic name as entry element Bible New Testament
General subdivision Study
650 ## - SUBJECT ADDED ENTRY--TOPICAL TERM
Topical term or geographic name as entry element Jesus Christ
General subdivision Resurrection
-- Study and Teaching
700 ## - ADDED ENTRY--PERSONAL NAME
Personal name Rayls, John W., Joint author.
942 ## - ADDED ENTRY ELEMENTS (KOHA)
Source of classification or shelving scheme
Koha item type Books
Copies
Damaged status Not for loan Permanent Location Date acquired Copy number Date last seen Koha item type Full call number Barcode Shelving location Price effective from Source of classification or shelving scheme Withdrawn status Lost status
  RHEMA Bible Training College2010-04-1412010-04-14BooksBT 481 .F53 19855346General Stacks2010-04-14